[Event "DOM-ch"]
[Site "Santo Domingo"]
[Date "2018.04.20"]
[Round "1"]
[White "Del Rosario Moreno, Carlos"]
[Black "Rodriguez Torres, Carlos Manue"]
[Result "1-0"]
[WhiteElo "2117"]
[BlackElo "1905"]
[PlyCount "115"]
[EventDate "2018.04.20"]
[EventType "swiss"]
[EventRounds "11"]
[EventCountry "DOM"]
[SourceTitle "CBM 184 Extra"]
[Source "ChessBase"]
[SourceDate "2018.06.28"]
[SourceVersion "1"]
[SourceVersionDate "2018.06.28"]
[SourceQuality "1"]

1. e4 e5 2. Nf3 Nc6 3. d4 exd4 4. Bc4 Nf6 5. e5 d5 6. Bb5 Ne4 7. Nxd4 Bd7 8. Bxc6 bxc6 9. 0-0 Be7 10. f3 Nc5 11. Nc3 0-0 12. Be3 Ne6 13. Nxe6 Bxe6 14. Na4 Qb8 15. b3 Qb5 16. Qd3 g6 17. Qc3 Rfd8 18. Bd4 Bb4 19. Qe3 a5 20. Nc5 Bxc5 21. Bxc5 a4 22. Kh1 axb3 23. axb3 Ra6 24. Be7 Rda8 25. Rae1 Ra2 26. Qh6 Qb8 27. Rd1 Qe8 28. Bf6 Qf8 29. Qd2 c5 30. f4 Qh6 31. Qc3 Bf5 32. Rxd5 Bxc2 33. Qe3 Bf5 34. Rfd1 Ra1 35. Rd8+ Rxd8 36. Rxa1 Rb8 37. h3 Qf8 38. Rc1 Be6 39. Rc3 c6 40. Qg3 Bd5 41. Kh2 Ra8 42. Qh4 h5 43. f5 Qh6 44. Bg5 Qf8 45. Rg3 Kh7 46. Bf4 Ra2 47. e6 Bxe6 48. fxe6 fxe6 49. Rf3 Qg7 50. Qg5 Re2 51. Re3 Rxe3 52. Bxe3 Qc7+ 53. Bf4 Qf7 54. Qh6+ Kg8 55. Be5 Qh7 56. Qxh7+ Kxh7 57. h4 Kg8 58. Kg3 1-0

[Event "DOM-ch"]
[Site "Santo Domingo"]
[Date "2017.04.29"]
[Round "7"]
[White "Rodriguez Torres, Carlos Manue"]
[Black "Sanchez Puente, Carlos Johan"]
[Result "0-1"]
[WhiteElo "1951"]
[BlackElo "1901"]
[PlyCount "132"]
[EventDate "2017.04.21"]
[EventType "swiss"]
[EventRounds "11"]
[EventCountry "DOM"]
[SourceTitle "CBM 178 Extra"]
[Source "ChessBase"]
[SourceDate "2017.06.22"]
[SourceVersion "1"]
[SourceVersionDate "2017.06.22"]
[SourceQuality "1"]

1. e4 e6 2. d4 d5 3. Nc3 Bb4 4. e5 c5 5. a3 cxd4 6. Qxd4 Nc6 7. Bb5 Bxc3+ 8. Qxc3 Bd7 9. Bd3 Nge7 10. Nf3 Rc8 11. Bg5 h6 12. Bh4 Qb6 13. 0-0 g5 14. Bg3 g4 15. Nh4 a5 16. Qd2 Nd4 17. Qf4 Ndf5 18. Kh1 Qd4 19. Qd2 Nxg3+ 20. fxg3 Qxe5 21. Qxa5 Bc6 22. Rae1 Qxb2 23. Qd2 Qg7 24. Qb4 Rc7 25. Rf4 h5 26. Ref1 0-0 27. Rf6 Be8 28. Qd6 Rd7 29. Qe5 d4 30. Qc5 Nd5 31. R6f2 f5 32. Re1 Ne3 33. c3 Bf7 34. Rfe2 Rfd8 35. c4 Qf6 36. Rf2 Ra8 37. Qb5 Be8 38. Qb3 Qe7 39. c5 Bf7 40. Qb4 Rc8 41. Rc1 Rd5 42. h3 Rc7 43. Rf4 Rdxc5 44. Rxc5 Qxc5 45. Qxc5 Rxc5 46. Rxd4 Rd5 47. Rxd5 Nxd5 48. Kg1 Kg7 49. Kf2 Kf6 50. Ke2 Ke5 51. Kd2 b6 52. Bb5 Kd4 53. a4 Ne7 54. Bd7 Nd5 55. Nxf5+ exf5 56. Bxf5 Nf6 57. hxg4 hxg4 58. Bc8 Be8 59. a5 bxa5 60. Kc2 Bd7 61. Bb7 Ne4 62. Kb3 Nxg3 63. Bf3 gxf3 64. gxf3 Ke3 65. Ka3 Kxf3 66. Kb2 Ke3 0-1

[Event "DOM-ch"]
[Site "Santo Domingo"]
[Date "2017.04.28"]
[Round "5"]
[White "Rodriguez Torres, Carlos Manue"]
[Black "Moore Guzman, Fernando Augusto"]
[Result "1/2-1/2"]
[WhiteElo "1951"]
[BlackElo "2033"]
[PlyCount "68"]
[EventDate "2017.04.21"]
[EventType "swiss"]
[EventRounds "11"]
[EventCountry "DOM"]
[SourceTitle "CBM 178 Extra"]
[Source "ChessBase"]
[SourceDate "2017.06.22"]
[SourceVersion "1"]
[SourceVersionDate "2017.06.22"]
[SourceQuality "1"]

1. e4 c6 2. d4 d5 3. Nc3 dxe4 4. Nxe4 Nf6 5. Nxf6+ gxf6 6. Bf4 Qb6 7. b3 e5 8. dxe5 fxe5 9. Qe2 Bb4+ 10. Bd2 Qd4 11. Rd1 Bxd2+ 12. Qxd2 Qxd2+ 13. Rxd2 Be6 14. Nf3 f6 15. Bd3 Nd7 16. Nh4 Nc5 17. Bf5 Kf7 18. g4 Rad8 19. f3 Rxd2 20. Kxd2 Bxf5 21. Nxf5 Rd8+ 22. Ke3 Na6 23. a3 Nc7 24. h4 Nd5+ 25. Ke2 Kg6 26. Rh2 a5 27. Ke1 Nc3 28. Rd2 Rxd2 29. Kxd2 Nb5 30. Kd3 h5 31. a4 Nc7 32. Kc4 Ne6 33. c3 e4 34. fxe4 hxg4 1/2-1/2

[Event "DOM-ch"]
[Site "Santo Domingo"]
[Date "2017.04.21"]
[Round "1"]
[White "Rodriguez Torres, Carlos Manue"]
[Black "Eusebio Perez, Hector Eduardo"]
[Result "1/2-1/2"]
[WhiteElo "1951"]
[BlackElo "2142"]
[PlyCount "23"]
[EventDate "2017.04.21"]
[EventType "swiss"]
[EventRounds "11"]
[EventCountry "DOM"]
[SourceTitle "CBM 178 Extra"]
[Source "ChessBase"]
[SourceDate "2017.06.22"]
[SourceVersion "1"]
[SourceVersionDate "2017.06.22"]
[SourceQuality "1"]

1. e4 d6 2. d4 Nd7 3. Nf3 e5 4. dxe5 dxe5 5. Bc4 h6 6. 0-0 Ngf6 7. Nc3 Bb4 8. Nd5 Bd6 9. Re1 Nb6 10. Nxb6 axb6 11. Qd3 0-0 12. Bd2 1/2-1/2